Nel mondo di Lythande /
Salvato in:
| Autore principale: | |
|---|---|
| Altri autori: | |
| Natura: | Libro |
| Lingua: | italiano |
| Pubblicazione: |
Roma :
Fanucci,
2003
|
| Serie: | Immaginario. Fantasy
|
| Tags: |
Nessun Tag, puoi essere il primo ad aggiungerne!!
|
MARC
| LEADER | 00000nam a2200000 i 4500 | ||
|---|---|---|---|
| 001 | IT\ICCU\MOD\0808249 | ||
| 003 | ItRI | ||
| 005 | 20260115231906.0 | ||
| 008 | 030708s2003 it |||||| ||||| |||||c | ||
| 015 | |2 IT |a 2004-2013 | ||
| 020 | |a 8834708989 | ||
| 040 | |b ita |c importazione bologna sebina | ||
| 041 | 7 | |a ita |2 ISO-639-2 | |
| 082 | |a 813.54 |9 NARRATIVA AMERICANA IN LINGUA INGLESE, 1945-1999 |2 21 | ||
| 100 | 1 | |a Bradley, Marion Zimmer |0 IT\ICCU\CFIV\039273 |4 aut | |
| 240 | 1 | 0 | |a Lythande. |3 IT\ICCU\MOD\0808251 |9 Bradley, Marion Zimmer |
| 245 | 1 | 0 | |a Nel mondo di Lythande / |c Marion Zimmer Bradley ; traduzione dall'inglese di Annalisa Di Liddo. |
| 260 | |a Roma : |b Fanucci, |c 2003 | ||
| 300 | |a 247 p. ; |c 23 cm. | ||
| 700 | 1 | |a Di Liddo, Annalisa |0 IT\ICCU\TO0V\499533 | |
| 790 | 1 | |a Bradley, M. Zimmer |3 IT\ICCU\CFIV\372184 |z Bradley, Marion Zimmer | |
| 790 | 1 | |a Zimmer Bradley, Marion |3 IT\ICCU\CFIV\085142 |z Bradley, Marion Zimmer | |
| 830 | 0 | |a Immaginario. Fantasy |0 IT\ICCU\RML\0135921 | |
| 942 | |2 ddc |c BK |n 0 | ||
| 952 | |0 0 |1 0 |4 0 |6 DOC_813_540000000000000_ZIM |7 0 |9 15586 |a BO |b BO |d 2026-01-15 |i 19965 |l 0 |o DOC 813.54 ZIM |p BO19965 |r 2026-01-15 23:19:06 |w 2026-01-15 |x [Sebina 5] [1 v.] |y BK |z 1 v. | ||
| 999 | |c 13412 |d 13412 | ||